| 000 | 00000nam 2200000zi 4500 |
| 001 | 9.913216 |
| 003 | CaOODSP |
| 005 | 20240925091302 |
| 006 | m o d f |
| 007 | cr |n||||||||| |
| 008 | 220711t20222022pic ob f|0| 0 eng d |
| 020 | |a9780660445229 |
| 040 | |aCaOODSP|beng|erda|cCaOODSP |
| 041 | |aeng|bfre |
| 043 | |an-cn--- |
| 086 | 1 |aV3-1/10-2022E-PDF |
| 100 | 1 |aAgustin, Donnahbel, |eauthor. |
| 245 | 10|aAnnotated bibliography : |ban overview of publications by the Veterans Affairs Canada Research Directorate (1992-2021) : evidence to support the well-being of veterans and their families / |cDonnahbel Agustin, Jacinta Keough, Alain Poirier, Teresa Pound. |
| 246 | 17|aVAC Research Directorate annotated bibliography 1992-2021 |
| 264 | 1|aCharlottetown, Prince Edward Island : |bVeterans Affairs Canada = Anciens combattants Canada, |c2022. |
| 264 | 4|c©2022 |
| 300 | |a1 online resource (112 pages). |
| 336 | |atext|btxt|2rdacontent |
| 337 | |acomputer|bc|2rdamedia |
| 338 | |aonline resource|bcr|2rdacarrier |
| 490 | 1 |aResearch Directorate technical report |
| 500 | |a"March 31, 2022." |
| 546 | |aSummary and citations of French publications in French. |
| 650 | 0|aVeterans|xServices for|zCanada|vBibliography. |
| 650 | 0|aVeterans' families|xServices for|zCanada|vBibliography. |
| 650 | 0|aVeterans|xHealth and hygiene|zCanada|vBibliography. |
| 650 | 0|aVeterans' families|xHealth and hygiene|zCanada|vBibliography. |
| 650 | 6|aAnciens combattants|xServices|zCanada|vBibliographie. |
| 650 | 6|aFamilles des anciens combattants|xServices|zCanada|vBibliographie. |
| 650 | 6|aAnciens combattants|xSanté et hygiène|zCanada|vBibliographie. |
| 650 | 6|aFamilles des anciens combattants|xSanté et hygiène|zCanada|vBibliographie. |
| 655 | 7|aAnnotated bibliographies|2lcgft |
| 710 | 1 |aCanada. |bVeterans Affairs Canada, |eissuing body. |
| 776 | 0#|tAnnotated bibliography : |w(CaOODSP)9.913256 |
| 830 | #0|aTechnical report (Canada. Veterans Affairs Canada. Research Directorate)|w(CaOODSP)9.844433 |
| 856 | 40|qPDF|s832 KB|uhttps://publications.gc.ca/collections/collection_2022/aca-vac/V3-1-10-2022-eng.pdf |